New Ithomiinae (Lepidoptera: Nymphalidae) (Registro nro. 5723)

Detalles MARC
000 -CABECERA
Campo de control 00390nam a2200145 a 4500
090 ## - CLASIFICACIÓN LOCAL
Colección LB
Consecutivo 04979
041 ## - IDIOMA
Código de idioma para texto/pista de sonido o título separado Inglés
100 ## - ASIENTO PRINCIPAL--NOMBRE PERSONAL
Nombre personal Fox, Richard M.
245 ## - MENCION DE TITULO
Título New Ithomiinae (Lepidoptera: Nymphalidae)
260 ## - PUBLICACION, DISTRIBUCION, ETC. (PIE DE IMPRENTA)
Lugar de publicación, distribución, etc. Reading
Nombre del editor, distribuidor, etc. Reading Public Museum and Art Gallery
Fecha de publicación, distribución, etc. 1941
300 ## - DESCRIPCION FISICA
Extensión 32 p.
942 ## - ELEMENTOS ADICIONALES (KOHA)
Tipo de ítem
945 ## - PROCESAMIENTO LOCAL
AAAA-MM-DD - Fecha de ingreso o modificacion 2007-08-01
Existencias
Withdrawn status Lost status Damaged status No para préstamo Colección Inventariado Ubicación Permanente Ubicación actual Fecha de adquisición Fuente de Valor Total Checkouts Número topográfico Inventario / Código de Barras Date last seen Ejemplar Price effective from Forma de adquisición Tipo de material
        Entomología Inventariado 2017 Villa de Leyva Villa de Leyva 01/08/2007 Amazon   LB-04979 024915 04/12/2012 Ej.1 04/12/2012   Libro
        Entomología Inventariado 2017 Villa de Leyva Villa de Leyva 01/08/2007 Amazon   LB-04979 024920 04/12/2012 Ej.1 04/12/2012   Libro